02550nkc a2200373za 450000100060000000300040000600500170001000700070002700800410003404000240007510000410009924500360014026000240017630001010020050002250030150001920052650000650071850001340078350001690091750400520108650500350113851001510117351002100132456101300153461000480166465100260171265500410173870000600177985200120183985601500185194200250200195201330202699900170215984462OSt20260318150116.0kh boc250410s19101911sp ||||| ||||||0| i|spa d cM-RABAaM-RABAbspa1 aElorza, Lorenzod(1861-1931)911106810aGardéleguib: Puertac/ L. E. c[ca. 1910 – 1911] a1 fotografía b: gelatina de platac; imagen 12 x 16,5 cmc; soporte secundario 21,5 x 26,5 cm aVista de la portada de la iglesia parroquial de San Pedro en Gardélegui, formada por arco apuntado con arquivoltas baquetonadas sin decoración y una sencilla linea de imposta. En un lateral figura Federico Baraibar.  aFotografía montada sobre soporte secundario de cartulina azul enmarcada con orla en relieve. Título y numeración manuscrita que hace referencia a la posición en la serie “81”. aSello con monograma del fotógrafo en tinta roja “L.E.” aFechas tomadas de la ejecución del positivo de las fotografías, incluido el soporte secundario. (Soto Madrazo, Javier. 2008). aForma parte de un conjunto de 167 fotografías empleadas por Federico Baráibar Zumárraga para la elaboración del Inventario del Románico en Álava (1911). aBaraibar, F.: "Rincones artísticos", M. 1914. aGardélegui.- Puerta. / L. E. aDescripción tomada de: Soto Madrazo, Javier (2008). Federico Baraibar y el Inventario del Románico en Álava: una caja con 167 fotografías. aEsta colección fue utilizada posteriormente por Cristóbal de Castro para la elaboración y publicación del "Catálogo Monumental de España: provincia de Álava", Madrid, S. de Rivadeneira, 1915. aDonadas junto con la memoria manuscrita a la Academia por el mismo Baraibar (Sesión 12 de febrero de 1912, Archivo: 4-32-1)20aIglesia de San Pedro (Gardélegui)9111619 7aÁlava2embne975661 7aFotografía de arquitectura.9541271 aBaráibar y Zumárraga, Federico d(1851-1918)912926 jFot-190 3Fot-190uhttps://archivoybiblioteca.realacademiabellasartessanfernando.com/cgi-bin/koha/opac-retrieve-file.pl?id=b80e04602c3fe59be9a44f384f0390f1 2ddccFOTOGRAFÍAn0 00102ddc40708FOTOGRAFIAaRABASFbRABASFcDP2d2025-04-10l0oFot-190p1095338r2025-04-10 11:58:04w2025-04-10yFOTOGRAFÍA c84462d84462